Olympics medal table - Antwerp 1920 - Statistics

General Stats
  • This quiz has been taken 23 times
  • The average score is 9 of 11
Answer Stats
Gold Silver Bronze Total Nation % Correct
15 15 13 43 Great Britain
100%
41 27 27 95 United States
100%
9 19 13 41 France
95%
13 5 5 23 Italy
95%
14 11 11 36 Belgium
91%
4 2 5 11 Netherlands
86%
13 9 9 31 Norway
86%
19 20 25 64 Sweden
86%
15 10 9 34 Finland
73%
3 9 1 13 Denmark
64%
2 2 7 11 Switzerland
59%
No matching quizzes found
Score Distribution
Percent of People with Each Score
Percentile by Number Answered
Your Score History
You have not taken this quiz